Diritto naturale e diritto positivo in S. Tommaso d'Aquino.
Guardat en:
| Autor principal: | |
|---|---|
| Format: | Llibre |
| Publicat: |
Bologna, Italia:
Edizioni Studio Domenicano,
1999.
|
| Edició: | Terza Edizione. |
| Col·lecció: | Civis,
|
| Matèries: | |
| Etiquetes: |
Afegir etiqueta
Sense etiquetes, Sigues el primer a etiquetar aquest registre!
|
MARC
| LEADER | 00000nam a22000007a 4500 | ||
|---|---|---|---|
| 003 | CL-VaPUC | ||
| 005 | 20240711162232.0 | ||
| 008 | 220630t1999 ||||| |||| 00| 0 eng d | ||
| 999 | |c 436551 |d 436549 | ||
| 040 | |c Pontificia Universidad Católica de Valparaíso | ||
| 082 | 7 | |a 241 PIZ 1999 |2 22 | |
| 100 | 1 | |a Pizzorni, Reginaldo |e autore |9 871877 | |
| 245 | |a Diritto naturale e diritto positivo in S. Tommaso d'Aquino. | ||
| 250 | |a Terza Edizione. | ||
| 260 | |a Bologna, Italia: |b Edizioni Studio Domenicano, |c 1999. | ||
| 300 | |a 428 páginas. | ||
| 490 | |a Civis, |n 15. | ||
| 500 | |a c.1 Donación Familia Prof. Alejandro Guzmán Brito. | ||
| 583 | |c 20220630 |k Cristina María Rojas Aguilar | ||
| 600 | 0 | |a Tomás de Aquino |d 1220-1274 |c Santo |x Pensamiento |9 255832 | |
| 650 | |a Derecho natural |9 255041 | ||
| 650 | |a Derecho |x Filosofía |9 866192 | ||
| 942 | |2 ddc |c BK |n 0 | ||
| 952 | |0 0 |1 0 |2 ddc |4 0 |6 241_000000000000000_PIZ_1999 |7 0 |8 C_AGB |9 584228 |a BIBDER |b BIBDER |d 2022-06-30 |e Donación |i 5652346 |o 241 PIZ 1999 |p 5652346 |r 2023-01-25 |t 1 |w 2022-06-30 |y BK_US |k AGB | ||